| 000 | 00375nam a2200169Ia 4500 | ||
|---|---|---|---|
| 008 | 210210b1928 xxu||||| |||| 00| 0 eng d | ||
| 041 | _aeng | ||
| 082 | _a829/994 | ||
| 100 | _aSHERIFF | ||
| 245 | _aJourneys end | ||
| 260 |
_aLondon _bNot Mentioned _c1928 |
||
| 650 | _aJourneys | ||
| 650 | _aend | ||
| 690 | _aEnglish Fiction | ||
| 700 | _aBARTLETT | ||
| 906 | _a017609 | ||
| 999 |
_c137593 _d137593 |
||